Laserom modifikované povrchy dentálnych implantátov

Salvato in:
Dettagli Bibliografici
Autore principale: Antala, Richard (Autore)
Altri autori: Šugár, Peter (Relatore della tesi)
Natura: Manoscritto Libro
Lingua:slovacco
Pubblicazione: 2021
Soggetti:
Accesso online:http://is.stuba.sk/zp/portal_zp.pl?podrobnosti=158030
Tags: Aggiungi Tag
Nessun Tag, puoi essere il primo ad aggiungerne!!

MARC

LEADER 00000ntm a22000003a 4500
001 stuzp84139
003 SK-STU
005 20210612212626.7
007 ta
008 150427s2015----xo-----f-mn---000-0-slo-d
040 |a STU  |b slo 
041 0 |a slo 
100 1 |a Antala, Richard  |u 063000  |k Z4  |4 aut  |U MTF Materiálovotechnologická fakulta  |T MTF Ústav výrobných technológií  |X 85377  |U M3000  |Y 83  |7 85377 
242 0 1 |a Laser modified surfaces of dental implants  |y eng 
245 1 0 |a Laserom modifikované povrchy dentálnych implantátov 
260 |c 2021 
650 4 |a laser  |2 slo 
650 4 |a biokompatibilita  |2 slo 
650 4 |a drsnosť povrchu  |2 slo 
650 4 |a mikroobrábanie  |2 slo 
650 4 |a laser  |2 eng 
650 4 |a biocompatibility  |2 eng 
650 4 |a micromachining  |2 eng 
650 4 |a surface roughness  |2 eng 
700 1 |a Šugár, Peter  |u 063200  |k Z1  |4 ths  |U MTF Ústav výrobných technológií  |T MTF Katedra obrábania a počítačovej podpory technológií  |X 3552  |U M3200  |Y 164  |7 A000003552 
856 4 |u http://is.stuba.sk/zp/portal_zp.pl?podrobnosti=158030 
996 |c M* DP-14477  |l MMSKP  |s P  |a 0  |w stuzp84139_0001